000 00414nmm a2200145Ia 4500
008 251105s9999||||xx |||||||||||||||||und||
041 _aspa
100 _aHemingway, Mariel
245 0 _aLa auténtica belleza
264 _a[Madrid, España] :
_bEdiciones B,
_c2013
300 _a336 páginas
650 _aMind, body and spirituality
856 _uhttps://public.digitaliapublishing.com/a/53225
942 _cCF
999 _c104749
_d104749